000
00290nam a22001217a 4500
008
170824b xxu||||| |||| 00| 0 eng d
041
_a
eng
080
_2
6TH
_a
51
100
_a
38
101
_a
MAT
245
_a
A GRAPHICAL APPROACH TO PRECALCULUS WITH LIMITS
_c
HORNSBY,J
942
_2
udc
_c
BK
999
_c
24948
_d
24948